Quizzes
Events
Quiz Creation
Community
Videos
Private Events
Remove Ads
Sign In
Join for FREE
Feedback
Dark Mode
Quiz Categories
Sports
Geography
Music
Movies
Television
Just For Fun
Miscellaneous
History
Literature
Language
Science
Gaming
Entertainment
Religion
Holiday
For Kids
Quiz Lab
Recent
Popular Today
Quiz Kudos Today
Editor Picks
Curator Picks
Quizzes by...
Day
Popularity
Type
Ratings
Length
Year
Community
Subscriptions
Recent Discussions
Orange Saloon
Badges
Playlists
Quests
Create
Leaderboards
Showdown
Live 5
Trivia Bingo
Activity
Puzzle Library
Sporcle Events
Private Events
Virtual Trivia
Globe League
Become a Host
Pub Owners
SporcleCon
Opinionation
Our Games
Videos
Blog
Mobile Apps
Partnerships
Remove Ads and Go Orange
Feedback
Science
Computer
Plants
Astronomy
Chemistry
Elements
Math
Animal
Physics
Anatomy
Biology
Geology
General Science
Science
Computer
Plants
Astronomy
Chemistry
Elements
Math
Animal
Physics
Anatomy
Biology
Geology
General Science
Random Quiz
Search Sporcle
×
Quiz Lab
Quiz Lab
Science
space
Type in answers that appear in a list
Type in answers that appear in a list
Classic
Best Score? Go Orange.
Mendham Calculus Limits Quiz Stats
Can you name the Calculus Quiz?
By
ethelbert
15m
40 Questions
290 Plays
290 Plays
290 Plays
Comments
Comments
Give Quiz Kudos
Give Quiz Kudos
-
- Ratings
hide this ad
Forced Order
Answers have to be entered in order
Answers have to be entered in order
Replay
Link that replays current quiz
Next Quiz
Link to next quiz in quiz playlist
You Got
0%
They Got
Avg Score
34%
Avg Friend Score
Upgrade to see
Score Distribution
Jump to the score distribution portion of the page
Score
0/40
Timer
15:00
0
Plays Today
Question
Answer
% Correct
lim x>infinity of (x^2)/
x
infinity
87.9%
lim x>0 of x/
999.99
0
76.6%
lim x>infinity of 1/
x
0
75.5%
lim x>infinity of e^x
infinity
66.9%
lim x>300 of 300/
x
1
63.8%
lim x>6 of 3
3
63.1%
lim x>2 3x-
2
4
52.8%
lim x>-
5 of (3x^2+30x+75)/
(x+5)
0
52.1%
lim x>0 of x/
0
does not exist
48.3%
lim x>-
3 of 3x^3+x^2+10
-62
46.2%
lim x>infinity of sin(x)
does not exist
43.8%
lim x>2 4x^3+5x+9
51
36.2%
lim Q>t Q^3
t^3
35.2%
lim x>1 (x^3-
x^2+x-
1)/
(x-
1)
2
34.1%
lim x>infinity x
infinity
33.8%
lim x>3 x^2, x is not equal to 3
9
33.1%
lim x>infinity 2
2
31.4%
lim x>infinity 1/
x^2
0
29.7%
lim x>infinity x^-
1
0
29.7%
lim x>infinity 6x^3/
25x^2
infinity
28.6%
Question
Answer
% Correct
lim x>x x
x
28.3%
lim x>infinity 27x/
3tx, t=3
3
27.6%
what is the limit of your imagination?
infinity
26.6%
lim x>2 x^(x-
2)
1
26.2%
lim x>infinity (e^x)/
(x^99)
infinity
25.9%
lim x>0 x^sinx
0
25.9%
lim x>0 x/
(((x+1)^0.5)-
1)
2
24.1%
lim x>infinity (x+2)^2/
(x^3+6x^2+12x+8)
0
24.1%
lim x>infinity 3x^2/
((x+1)^2
3
23.1%
lim x>3 (5x^2-
8x-
13)/
(x^2-
5)
2
22.8%
lim x>4 3x-
2x^2+13x
32
21.7%
what is the speed limit on the MHS parking lot?
15
21%
lim x>0 sin(1/
x)
does not exist
18.6%
lim x>0 (abs(x))/
x
does not exist
17.6%
lim x>2 (3x^2-
x-
10)/
(x^2-
4)
11|4
17.6%
lim x>infinity (0.9)+(0.9)(0.1)^(x-
1)
1
16.9%
what is a 2011 movie starring Bradley Cooper?
limitless
16.9%
lim x>0 (((x+1)^0.5)-
1)/
x
1/2
14.8%
lim x>e ln(x^3-
99x)/
(x^2-
(99x/
e))
1
11.7%
what is the bac limit in NJ
0.08
11.7%
Quiz Playlist
Details
Report
Send in Message
Add To Playlist
Classic:
Type in answers that appear in a list
Forced Order:
Answers have to be entered in order
Last Updated: Feb 16, 2017
Quiz Scoreboard
CHALLENGE
Sign Up to Join the Scoreboard
Show All
Scores
Hide
Comments
May contain spoilers
Recently Published
An Introduction to Baseball
by treessimontrees
Sports
5m
Movies - When Are They Set?
by FPL_Elf
Movies
5m
Popular People in 1961
by mucciniale
History
6m
More to Explore
Quiz From the Vault
Featured Blog Post
Where Did the Easter Bunny Come From?
hide this ad
You Might Also Like...
Tags
press
space
Today's Top Quizzes in Science
Browse Science
hide this ad
Today's Top Quizzes in space
Browse space
Top Contributed Quizzes in Science
1
Quick Pick: 'CI-CJ' Animals
2
Elements In Images
3
One Thing in Common: Science
4
Count to 60
5
One Thing in Common: Science III
6
Quick Pick: Radians
7
Square Numbers Scrambled (1-50)
8
One Thing in Common: Science II
9
Sporcle Puzzle Hunt: Science
10
One Thing in Common: Animals
Explore More
Trending Topics
Crossword
Disney
Anime
Harry Potter
Marvel
Kpop
NBA
Soccer
The Office
Pokémon
Country
NFL
Puzzle
Song
WWE
hide this ad
More By:
ethelbert
Quiz
Plays
Rating
Category
Featured
Created
Mendham Calculus Limits Quiz
290
2.50
Science
Jun 5, 2011
Go to Creator's Profile
Score Distribution
Quiz Creator Spotlight
ethelbert
Follow
Send a Message
Quizzes Created
-
Created Quiz Play Count
-
More By This Creator
Popular Quizzes Today
1
Find the Countries of Europe - No Outlines Minefield
2
Find the US States - No Outlines Minefield
3
The Countries of the World
4
Popular People in 1961
5
US States
6
1-10 Letter E Words III
7
Find the US States
8
One Thing in Common: World Cities II
More Science Quizzes
Purplexing Scientists
Quiz Lab
Trending Quizzes
Risky Map Clicking: Least Populous States A-Z
1-10 Letter F Words
1-10 Letter G Words
One Thing in Common: United Kingdom
Risky Map Clicking: Next State Alphabetically
Recently Updated
Leaping Animals
pecheneg
Reality TV Shows (A-Z)
bhenderson79
Rickey Henderson's Hall of Fame Teammates
pecheneg
Champions League XIs: Arsenal
pecheneg
Quick Pick: Celebrities in WWE's Hall of Fame
aduchscher
A-Z Keypad Blitz II
pecheneg
Multiple Oscar Actors
pecheneg
Mystery Phrase Blitz: Oscar 'Best Actors'
pecheneg
F. Scott Fitzgerald Novels
LTH
Pick 3 Villains
ddd62291
Trending Topics
NBA
Crossword
Kpop
Disney
Marvel
Harry Potter
Anime
Song
NFL
Puzzle
The Office
Pokémon
Country
Soccer
WWE
Your Account Isn't Verified!
In order to create a playlist on Sporcle, you need to verify the email address you used during registration. Go to your
Sporcle Settings
to finish the process.
Report this User
Report this user for behavior that violates our
Community Guidelines
.
Details:
Send Report
Go to the Sporcle.com Mobile Site →
Comments